[Event "Las Palmas m"]
[Site "Las Palmas"]
[Date "1994.??.??"]
[Round "1"]
[White "Karpov, Anatoly"]
[Black "Morovic Fernandez, Ivan"]
[Result "1-0"]
[WhiteElo "2740"]
[BlackElo "2605"]
[Annotator "Hansen,Curt"]
[PlyCount "73"]
[EventDate "1994.02.??"]
[EventType "match"]
[EventRounds "6"]
[EventCountry "ESP"]
[SourceTitle "CBM 040"]
[Source "ChessBase"]
[SourceDate "1994.06.01"]
[SourceVersion "1"]
[SourceVersionDate "1994.06.01"]
[SourceQuality "1"]

1. c4 {Ftacnik,Lubomir} Nf6 2. Nf3 e6 3. d4 d5 4. e3 c5 5. Nc3 Nc6 6. cxd5 exd5 7. Bb5 Bd6 8. O-O (8. Ne5 Qc7 9. Qa4 (9. Nxc6 bxc6 10. dxc5 Bxc5 11. Be2 Bd6 12. h3 Qe7 13. b3 O-O 14. Bb2 Bf5 $10 {Ribli,Z-Adorjan,A/Budapest m(1)/1979/}) 9... O-O 10. Nxc6 bxc6 11. Bxc6 Rb8 12. Nxd5 Nxd5 13. Bxd5 cxd4 14. O-O Rb4 15. Qc6 Qb8 16. e4 Rb6 17. Qa4 Bxh2+ 18. Kh1 Bf4 $17 {Manquoy-Winants,L/Belgique/1988/}) (8. dxc5 Bxc5 9. O-O O-O 10. b3 (10. a3 a6 (10... Bg4 11. Be2 Rc8 12. b4 Bd6 13. Bb2 Re8 $10 {Berg,K-Emms,J/Gausdal TM/1993/}) 11. Be2 Be6 12. b4 Bd6 13. Bb2 Qe7 14. Rc1 Rfd8 15. Na4 $14 {Berg,K-Fuglsang,F/Lyngby/1991/}) 10... Bg4 (10... Qd6 11. Na4 Bb4 12. Bb2 Ne4 13. a3 Ba5 14. b4 Bc7 15. Bxc6 bxc6 16. Be5 $14 {Timman,J-Ljubojevic,L/Tilburg/1981/}) (10... Be6 11. Bb2 Qe7 12. Ne2 Rac8 13. a3 Rfd8 14. Ned4 $14 {Petrosian,T-Botvinnik,M/Moscow Wch m(11)/1963/}) (10... Bd6 11. Bb2 Bg4 12. Be2 Rc8 13. Nb5 Bb8 14. Bxf6 Qxf6 15. Qxd5 Rfd8 16. Qe4 h5 $13 {Wirthensohn,H-Scherrer,R/Lenk op/1992/}) (10... a6 11. Bxc6 (11. Be2 Re8 12. Bb2 Ba7 13. Rc1 Qd6 14. Rc2 Bg4 15. Rd2 Rad8 $10 {Wells,P-Wahls,M/BL/1989/}) 11... bxc6 12. Bb2 Bg4 13. Rc1 Be7 (13... Bd6 14. Na4 Rc8 15. Qd3 Bxf3 16. gxf3 Qd7 17. Kg2 Ne4 18. Rh1 Qh3+ $1 $19 {Sunye Neto,J-Christiansen,L/Mexico/1980/}) (13... Ba7 14. Na4 Qd6 15. Rc4 Qe6 16. Nc5 Qc8 17. Rc1 Ne4 $15 {Nielsen,UV-Sax,G/Vejle/1993/}) 14. Ne2 Bxf3 15. gxf3 Qd7 $13 {Makarichev,S-Gavrikov,V/Moscow GMA-op/1989/}) 11. Bb2 Bd6 (11... Rc8 12. Rc1 Qd6 13. Be2 a6 14. h3 (14. Nd4 Bxd4 15. Bxg4 Nxg4 16. Qxg4 Be5 17. Rfd1 Bxh2+ 18. Kf1 Qe6 19. Qf3 Be5 20. Ba3 Bd6 21. Bxd6 Qxd6 {0,5/Speelman,J-Portisch,L/Bruxelles/1988/}) 14... Bxf3 15. Bxf3 Rfd8 16. Qc2 Ba3 17. Rfd1 $14 {Ribli,Z-Adorjan,A/Budapest m(3)/1979/}) 12. Be2 Rc8 (12... Re8 13. Nd4 Bxe2 {0,5/Razuvaev,Y-Sax,G/Elenite/1992/}) 13. Nd4 (13. Rc1 Bb8 (13... a6 14. Nd4 Bxe2 15. Ncxe2 Nxd4 16. Qxd4 Rxc1 17. Rxc1 Re8 $10 {Makarichev,S-Balashov,Y/EU-cup/1990/}) 14. Re1 (14. Nb5 Ne4 15. Nbd4 Re8 16. h3 (16. Qd3 Qd6 17. g3 h5 18. Nxc6 bxc6 19. Nh4 Bh3 20. Rfd1 Qh6 $15 {Karpov,A-Chandler,M/Bath/1983/}) 16... Bxf3 17. Nxf3 Qd6 18. Qd3 Ng5 $15 {Sunye Neto,J-Kasparov,G/Graz/1981/}) 14... Re8 15. g3 h5 16. Na4 Qe7 17. Nh4 $13 {Petrosian,T-Ivanovic,B/Bar/1980/}) 13... Be6 14. Ncb5 Bb8 15. Rc1 $13 {Wirthensohn,H-Wilder,M/Lugano op/1989/}) 8... O-O 9. h3 cxd4 (9... Bf5 10. dxc5 Bxc5 11. b3 Qa5 12. Bb2 Rfd8 13. Bxc6 bxc6 14. Nd4 Bd7 $13 {Karpov,A-Polugaevsky,L/Reggio/1991/}) (9... Re8 10. a3 a6 11. Bxc6 bxc6 12. dxc5 Bxc5 13. Qc2 Bd6 14. Re1 c5 $15 {Perdomo,C-Arencibia,JJ/ch-CU/1989/}) ({RR} 9... Bf5 10. dxc5 Bxc5 11. b3 Qa5 12. Bb2 Rfd8 13. Bxc6 bxc6 14. Nd4 Bd7 15. Qf3 Bxd4 16. exd4 Re8 17. Rfe1 Rxe1+ 18. Rxe1 Ne4 19. Re2 Nxc3 20. Bxc3 Qa3 21. Qf4 h6 22. Kh2 Be6 23. Rc2 Qe7 24. Bd2 {Karpov,A (2725)-Polugaevsky,L (2610) Reggio Emilia 1991 ½-½ (40)}) ({RR} 9... Be6 10. dxc5 Bxc5 11. b3) 10. exd4 {g5, קd5} ({RR} 10. Nxd4 Bd7) 10... h6 11. Re1 Bd7 $146 ({RR} 11... Be6 12. Ne5 Rc8 13. Bf4 Re8 14. Bg3 Qb6 15. Nxc6 bxc6 16. Bxd6 cxb5 17. Be5 Nd7 18. Qd3 b4 19. Na4 Qc6 20. Nc5 f6 21. Bf4 Bf7 22. Rxe8+ Rxe8 23. Qa6 Qb6 24. Qxb6 Nxb6 25. b3 g5 26. Bc7 {Bacrot,E (2710)-Fang,Y (2500) Jiangmen 2018 ½-½ (33)}) ({RR} 11... Qb6 12. Be3 Bf5 13. Bxc6 bxc6 14. Qc1 Rfe8 15. b3 Qa6 16. Na4 Ne4 17. Nd2 Re6 18. Nxe4 Bxe4 19. Nc3 Bf5 20. Qd1 Rae8 21. Qf3 Rf6 22. Bd2 Ree6 23. Rxe6 fxe6 24. Re1 Qc8 25. Ne2 Qf8 26. Qc3 {Mis,M (2397)-Nainys,Z (2309) Warsaw POL 2026 0-1 (57)}) ({RR} 11... Qc7 12. Be3 Bd7 ({RR} 12... a6 13. Bxc6 Qxc6 14. Ne5) 13. Rc1 a6 14. Bd3 ({RR} 14. Bxc6 Bxc6 15. Ne5 Bxe5 16. dxe5 Qxe5 17. Bc5 Qg5 18. Bxf8 d4 19. g3 dxc3 20. Ba3 cxb2 21. Bxb2 Qf5) 14... Rfe8 15. a3 Rac8 16. b4 Bf4 17. Bxf4 Rxe1+ 18. Qxe1 Qxf4 19. Ne2 Qd6 20. Qd2 Ne7 21. Ng3 Rxc1+ 22. Qxc1 Nc6 23. Qc5 Qb8 ({RR} 23... Qxc5 24. dxc5) ({RR} 23... Qc7 24. Ne5) 24. Ne2 b6 25. Qc3 a5 26. Ne5 {Karpov,A (2740)-Leko,P (2545) Dortmund 1994 CBM 042 [Ftacnik,Lubomir] 1-0 (54)} ({RR} 26. bxa5 Nxa5) {RR} 26... axb4 27. Nxc6) ({RR} 11... Be6 12. Ne5) ({RR} 11... Qc7 12. Be3 Re8 13. Rc1 a6 14. Bxc6 bxc6 15. Na4 Ne4 16. Ne5 Bxe5 17. dxe5 Qxe5 18. Nb6 Rb8 19. Rxc6 Be6 20. Qd4 Qxd4 21. Bxd4 Nd2 22. b3 Ne4 23. f3 Ng5 24. h4 Nh7 25. Be5 Rb7 26. Rd6 {Horvath,J (2505)-Palkovi,J (2480) Hungary 1996 1-0 (51)}) 12. Ne5 $14 Rc8 13. a3 a6 (13... Re8 14. Bf4 $14) 14. Ba4 (14. Bf1 Bf5 $132) 14... b5 15. Bb3 Be6 16. Bc2 {d3 b1-h7} Qb6 17. Be3 Rfd8 {18. - xe5 19.dxe5 d4} 18. Ng4 Bxg4 19. hxg4 Bb8 20. Bf5 Rc7 21. a4 $1 {22.axb5 axb5 קb5} b4 22. a5 Nxa5 23. Na4 Qd6 (23... Qb5 24. Nc5 {25.d3, 25.a4}) 24. g3 {f4} Ra7 {קf6} 25. g5 (25. Nc5 Nc4 $13) 25... hxg5 26. Bxg5 Nc6 27. Rc1 $1 {f4} (27. Nc5 a5) 27... Na5 28. Rc5 Nc4 29. b3 Na3 (29... Nb6 $2 30. Bf4 $18) 30. Kg2 {h1 } Re7 31. Rh1 Rde8 32. Rh8+ $1 Kxh8 33. Qh1+ Kg8 34. Bxf6 Qxg3+ 35. fxg3 Re2+ 36. Kh3 gxf6 37. Kg4 1-0

[Event "Reggio Emilia Top16 33rd"]
[Site "Reggio Emilia"]
[Date "1991.??.??"]
[Round "?"]
[White "Karpov, Anatoly"]
[Black "Polugaevsky, Lev"]
[Result "1/2-1/2"]
[WhiteElo "2725"]
[BlackElo "2610"]
[PlyCount "80"]
[EventDate "1991.01.??"]
[EventType "tourn"]
[EventRounds "14"]
[EventCountry "ITA"]
[EventCategory "16"]
[SourceTitle "CBM 022"]
[Source "ChessBase"]
[SourceDate "1991.06.01"]
[SourceVersion "1"]
[SourceVersionDate "1991.06.01"]
[SourceQuality "1"]

1. Nf3 c5 2. c4 Nc6 3. Nc3 Nf6 4. e3 e6 5. d4 d5 6. cxd5 exd5 7. Bb5 Bd6 8. O-O O-O 9. h3 Bf5 10. dxc5 Bxc5 11. b3 Qa5 12. Bb2 Rfd8 $146 ({RR} 12... Bb4 13. Bxc6 bxc6 14. Ne2 Ne4 15. Ned4 Bd7 16. a3 Bd6 17. b4 Qb6 18. Nb3 Be6 19. Bd4 Qc7 20. Rc1 Rac8 21. Nc5 a5 22. Qc2 Bf5 23. Qb2 f6 24. Rfd1 axb4 25. axb4 Rfe8 26. Qb3 Qf7 27. Nd3 {Nasyrova,E (2047)-Hakobyan,A (1922) Tornelo INT 2020 1-0 (54)}) ({RR} 12... Bb4 13. Bxc6 bxc6 14. Ne2 Be7 15. Ned4 Bd7 16. Ne5 Rac8 17. Nxd7 Nxd7 18. Nf5 Bf6 19. Bxf6 Nxf6 20. Ne7+ Kh8 21. Nxc8 Rxc8 22. a3 Qb5 23. b4 h6 24. Qd4 Qb7 25. Rac1 Ne4 26. Rfd1 Re8 27. a4 {Hillarp Persson,T (2443)-Nygren,D (2173) Skelleftea 2001 1-0 (40)}) 13. Bxc6 bxc6 14. Nd4 Bd7 15. Qf3 Bxd4 16. exd4 Re8 17. Rfe1 Rxe1+ 18. Rxe1 Ne4 19. Re2 Nxc3 20. Bxc3 Qa3 21. Qf4 h6 22. Kh2 Be6 23. Rc2 Qe7 24. Bd2 Qd7 25. Qg3 Kh7 26. Rc5 Re8 27. Bf4 Bf5 28. Ra5 Re2 29. Be3 Qb7 30. b4 Rc2 31. Bf4 a6 32. Bd6 Bg6 33. Qe3 Rb2 34. a3 Rc2 35. Bg3 Rc4 36. f3 Rc2 37. h4 Qc8 38. Kg1 h5 39. Bf4 Ra2 40. Rc5 Qf5 1/2-1/2

[Event "Bugojno"]
[Site "Bugojno"]
[Date "1978.03.01"]
[Round "4"]
[White "Karpov, Anatoly"]
[Black "Balashov, Yuri S"]
[Result "1/2-1/2"]
[WhiteElo "2725"]
[BlackElo "2590"]
[Annotator "Bulletin"]
[PlyCount "38"]
[EventDate "1978.02.27"]
[EventType "tourn"]
[EventRounds "15"]
[EventCountry "YUG"]
[EventCategory "14"]
[SourceTitle "MCL"]
[Source "ChessBase"]
[SourceDate "1999.07.01"]
[SourceVersion "1"]
[SourceVersionDate "1999.07.01"]
[SourceQuality "1"]

1. c4 Nf6 2. Nf3 c5 3. Nc3 Nc6 4. d4 cxd4 5. Nxd4 e6 6. e3 d5 7. cxd5 exd5 8. Be2 Bd6 9. O-O O-O 10. Nf3 a6 11. b3 Re8 12. Bb2 Bc7 (12... Bg4 13. h3 Bh5 14. Nh4 Bxe2 15. Nxe2 $14 {Larsen-Georghiu, Palma de Mallorca 1968}) 13. Rc1 Qd6 14. g3 Bh3 15. Re1 Rad8 16. Nd4 Bc8 ({RR} 16... Nxd4 17. Qxd4 Bb6 18. Qh4 Bc8 19. Bf3 Ba7 20. Rcd1 Qe6 21. Ne2 Qf5 22. Bxf6 gxf6 23. Nf4 d4 24. exd4 Qg5 25. Rxe8+ Rxe8 26. Nh5 Qxh4 27. gxh4 Rd8 28. Nxf6+ Kg7 29. Nh5+ Kg6 30. d5 Bc5 31. Ng3 {Trunz,M (1979)-Agrest,I (2287) Germany GER 2026 ½-½ (39)}) 17. Bf3 $146 ({RR} 17. Nxc6 bxc6 18. Na4 Ba5 19. Bc3 Bxc3 20. Rxc3 Ne4 21. Rc2 Qh6 22. Bf3 Rd6 23. Nc5 Ng5 24. Bg2 Nh3+ 25. Kh1 Rf6 26. f4 Rg6 27. Qf3 Bg4 28. Qf1 Qh5 29. Nd3 Rh6 30. Bxh3 Bxh3 31. Qf2 Bf5 {Maiztegui Casas,L-Carvalho,G (2162) Montevideo 2000 ½-½ (39)}) 17... Ba5 18. Bg2 Bg4 19. Bf3 Bxf3 1/2-1/2

[Event "Bilbao"]
[Site "Bilbao"]
[Date "1987.??.??"]
[Round "?"]
[White "Karpov, Anatoly"]
[Black "Illescas Cordoba, Miguel"]
[Result "1-0"]
[WhiteElo "2710"]
[BlackElo "2505"]
[PlyCount "95"]
[EventDate "1987.06.??"]
[EventType "tourn"]
[EventRounds "9"]
[EventCountry "ESP"]
[EventCategory "12"]
[SourceTitle "CBM 003"]
[Source "ChessBase"]
[SourceDate "1988.04.01"]
[SourceVersion "1"]
[SourceVersionDate "1988.04.01"]
[SourceQuality "1"]

1. Nf3 Nf6 2. c4 c5 3. Nc3 Nc6 4. e3 e6 5. d4 d5 6. cxd5 exd5 7. Be2 cxd4 8. Nxd4 Bd6 9. O-O O-O 10. Bf3 Be5 11. Qd3 Bg4 ({RR} 11... Nb4 12. Qd2 Bxd4 13. exd4 Bf5 14. Bd1 Re8 15. Na4 Nc6 16. f3 Qa5 17. Qxa5 Nxa5 18. Kf2 Nc6 19. Be3 Nb4 20. Bg5 Nd7 21. g4 Bg6 22. Bb3 Bc2 23. Bxc2 Nxc2 24. Rad1 f6 25. Bf4 Nf8 26. Rd2 {Karpov,A (2710)-Polugaevsky,L (2625) Tilburg 1983 1-0 (57)}) ({RR} 11... Bc7 12. Nxc6 bxc6 13. g3 Ng4 14. Bg2 Ne5 15. Qc2 Re8 16. Kh1 h5 17. f4 Ng4 18. Nd1 Qf6 19. h3 Nh6 20. Qf2 Nf5 21. g4 hxg4 22. hxg4 Qh6+ 23. Kg1 Nh4 24. Bh3 Ba6 25. g5 Qh5 26. Qg3 {Jin,Y (2309)-Bai,J (2551) Hong Kong HKG 2024 0-1}) 12. Nxc6 $146 ({RR} 12. Bxg4 Nxg4 13. Nf3 Qd6 14. h3 Nh2 15. Nxh2 Bxh2+ 16. Kh1 Nb4 17. Qd2 Be5 18. a3 Qa6 19. Rd1 Rad8 20. Ne2 Nc6 21. Qd3 Qxd3 22. Rxd3 f5 23. Bd2 d4 24. exd4 Bxd4 25. Nxd4 Rxd4 26. Rxd4 Nxd4 {Kavalek,L (2570)-Borik,O (2400) Germany West 1978 ½-½ (48)}) ({RR} 12. Bxg4 Nxg4 13. Nf3 d4 14. exd4 Nxd4 15. Nxe5 Nxe5 16. Qe4 Re8 17. Qxb7 Qh4 18. Be3 Rab8 19. Qd5 Rbd8 20. Qc5 Nef3+ 21. gxf3 Nxf3+ 22. Kg2 Qg4+ 23. Kh1 Qh4 24. Qc7 Re5 25. Bf4 Rc5 26. Qxc5 Qxf4 {Kuligowski,A (2405)-Browne,W (2540) Philadelphia 1980 1-0}) 12... bxc6 13. Bxg4 Nxg4 14. h3 Nf6 15. Rd1 Re8 16. Rb1 Qe7 17. Bd2 Rad8 18. b3 Qe6 19. Rbc1 Bb8 20. Be1 Qe5 21. g3 h5 22. Ne2 h4 23. Rxc6 Qh5 24. gxh4 Qf3 25. e4 Qh5 26. Ng3 Qxh4 27. Kg2 Nh5 28. Nxh5 Qxh5 29. Qf3 Qg5+ 30. Qg4 Qxg4+ 31. hxg4 Rxe4 32. Ba5 Rde8 33. Rxd5 Rxg4+ 34. Kh3 Rf4 35. Rd8 Rxd8 36. Bxd8 Be5 37. Bh4 f6 38. Ra6 Bd4 39. Ra4 g5 40. Bg3 g4+ 41. Kg2 Re4 42. Bb8 f5 43. Bxa7 Bxa7 44. Rxa7 Kf8 45. Ra5 Rf4 46. Ra4 Rf3 47. Rb4 Ke7 48. a4 1-0

[Event "BBC TV Master Game Group A"]
[Site "Bath"]
[Date "1983.11.??"]
[Round "1"]
[White "Karpov, Anatoly"]
[Black "Chandler, Murray G"]
[Result "1-0"]
[WhiteElo "2710"]
[BlackElo "2485"]
[PlyCount "71"]
[EventDate "1983.11.??"]
[EventType "tourn"]
[EventRounds "6"]
[EventCountry "ENG"]
[EventCategory "13"]
[SourceTitle "MCD"]
[Source "ChessBase"]
[SourceDate "1999.07.01"]
[SourceVersion "1"]
[SourceVersionDate "1999.07.01"]
[SourceQuality "1"]

1. c4 e6 2. Nc3 d5 3. d4 c5 4. e3 Nf6 5. Nf3 Nc6 6. cxd5 exd5 7. Bb5 Bd6 8. dxc5 Bxc5 9. O-O O-O 10. b3 Bg4 11. Bb2 Rc8 12. Be2 Bd6 ({RR} 12... a6 13. h3 Be6 14. Na4 Bd6 15. Rc1 Ne4 16. Nc3 Nf6 17. Ng5 Qe7 18. Qd3 Rfd8 19. Rfd1 h6 20. Nxe6 fxe6 21. Bf1 Bb8 22. g3 Ba7 23. Bg2 Rf8 24. Ne2 Bb8 25. Nf4 Rfd8 26. Qe2 Qf7 27. Rd2 {Rybka,S (2342)-Krak,T (2232) Slovakia SVK 2025 ½-½ (37)}) 13. Nb5 Bb8 14. Rc1 Re8 15. Qd3 $146 ({RR} 15. h3 Bf5 16. Bd3 Ne4 17. Nbd4 Nxd4 18. Nxd4 Rxc1 19. Qxc1 Bxh3 20. Bxe4 dxe4 21. gxh3 Qg5+ 22. Kh1 Qh4 23. Kg2 Qg5+ 24. Kh1 Qh4 25. Kg2 Qg5+ {½-½ (25) Prokofiev,V (2337)-Zylka,S (2394) Bohumin CZE 2024}) ({RR} 15. h3 Bf5 16. Bd3 Ne4 17. Nbd4 Nxd4 18. Nxd4 Rxc1 19. Qxc1 Bxh3 20. Bxe4 dxe4 21. gxh3 Qg5+ 22. Kh1 Qh4 23. Kg2 Qg5+ 24. Kh1 Qh4 25. Kg2 Qg5+ {½-½ (25) Prokofiev,V (2337)-Zylka,S (2394) Bohumin CZE 2024}) 15... Ne4 16. Nbd4 Qd6 17. g3 h5 18. Nxc6 bxc6 19. Nh4 Bh3 20. Rfd1 Qh6 21. Bf3 g5 22. Ng2 h4 23. Qe2 Bf5 24. Bd4 hxg3 25. fxg3 Re6 26. Rf1 Qh3 27. Ne1 g4 28. Bg2 Nxg3 29. hxg3 Qxg3 30. Rxf5 Qh4 31. Bxd5 Rh6 32. Qg2 Rc7 33. Nf3 Qh3 34. Rg5+ Kf8 35. Bg7+ Ke7 36. Bxh6 1-0

[Event "World-ch30-KK1 Karpov-Kasparov +5-3=40"]
[Site "Moscow"]
[Date "1984.10.05"]
[Round "9"]
[White "Karpov, Anatoly"]
[Black "Kasparov, Garry"]
[Result "1-0"]
[WhiteElo "2700"]
[BlackElo "2710"]
[Annotator "King,Daniel J"]
[PlyCount "139"]
[EventDate "1984.09.10"]
[EventType "match"]
[EventRounds "48"]
[EventCountry "URS"]
[SourceTitle "MainBase"]
[Source "ChessBase"]
[SourceDate "1999.07.01"]
[SourceVersion "2"]
[SourceVersionDate "1999.07.01"]
[SourceQuality "1"]

1. d4 d5 2. c4 e6 3. Nf3 c5 4. cxd5 exd5 5. g3 Nf6 6. Bg2 Be7 7. O-O O-O 8. Nc3 Nc6 9. Bg5 cxd4 10. Nxd4 h6 11. Be3 Re8 12. Qb3 Na5 13. Qc2 Bg4 14. Nf5 Rc8 15. Bd4 Bc5 16. Bxc5 Rxc5 17. Ne3 Be6 18. Rad1 Qc8 19. Qa4 Rd8 20. Rd3 a6 21. Rfd1 Nc4 22. Nxc4 Rxc4 23. Qa5 Rc5 $146 ({RR} 23... Rd7 24. Rd4 b5 25. Rxc4 dxc4 26. Rf1 Rd6 {½-½ (26) Morovic Fernandez,I (2540)-Salazar Jacob,H (2345) Santiago de Chile 1989}) 24. Qb6 Rd7 25. Rd4 Qc7 26. Qxc7 Rdxc7 27. h3 h5 28. a3 g6 29. e3 Kg7 30. Kh2 Rc4 31. Bf3 b5 32. Kg2 R7c5 33. Rxc4 Rxc4 34. Rd4 Kf8 35. Be2 Rxd4 36. exd4 Ke7 37. Na2 Bc8 38. Nb4 Kd6 39. f3 Ng8 40. h4 Nh6 41. Kf2 Nf5 42. Nc2 f6 (42... Bd7 $14 {Geller}) 43. Bd3 g5 44. Bxf5 Bxf5 45. Ne3 Bb1 46. b4 {A very similar ending has been reached to Saidy-Fischer. The differences (apart from the reversal of colours): the defending side's queenside pawns are fixed and therefore weaker; but the kingside pawns are better placed to prevent White's king breaking through. They are somewhat as I discussed in Saidy-Fischer with the exception that the h-pawn has advanced - a slight drawback from Black's point of view.} gxh4 $2 {Kasparov must have missed Karpov's reply.} ({But what happens if Black does not capture on h4? Does White have significant winning chances? In Informator Geller gives simply} 46... Bg6 $14 {. Let's continue a little further from that point. (This has probably already been researched, but I don't have an analysis of the game to hand. In a way that might be a good thing: I'm not clouded by anyone else's thoughts, no matter how erudite!)} 47. Kg2 {Black can now choose to wait with (B1) 47...Ke6, or try to simplify the position with (B2) 47...gxh4.} ({First let's look at the most direct method of play for White:} 47. hxg5 fxg5 48. f4 gxf4 (48... g4 49. f5 (49. Ng2 Ke6 {and White can't get through}) 49... Bh7 50. Ng2 Bxf5 $2 (50... Ke7 $1 51. Nf4 Kf6 52. Nxh5+ (52. Nxd5+ Kxf5 53. Ke3 Kg5 54. Nf4 (54. Nc7 h4 55. gxh4+ Kxh4 $11) 54... h4 55. gxh4+ Kxh4 56. d5 Kg5 57. d6 Bf5 (57... Kf6 58. d7 Ke7 59. Ne6 Kxd7 60. Nf8+ Kd6 61. Nxh7 Kd5 62. Nf6+ Kc4 63. Nd7 $18) 58. Nd3 Kf6 59. Nc5 Bc2 60. Kf4 Bd1 61. Nxa6 Ke6 62. Nc7+ Kxd6 63. Nxb5+ Kc6 64. Nc3 Bf3 {Unless I'm very much mistaken, with only the knight to aid the pawns, this must be a draw.}) 52... Kxf5 53. Ke3 Bg6 54. Nf4 Bf7 55. Nd3 Be6 56. Nc5 Bc8 $11) 51. Nf4 Bh7 (51... Bd7 52. Nxh5 Ke6 53. Nf4+ Kd6 54. Ke3 $18) 52. Ke3 {followed by Nh5 and Kf4 +-}) 49. gxf4 Ke6 50. Kg3 Bf7 51. Kh4 Kf6 52. f5 Be8 53. Nxd5+ Kxf5 54. Nc7 Bf7 55. Nxa6 Ke4 $11 {It appears that Black has two satisfactory methods of defence to the immediate attempt at a breakthrough, so let's now look at the more subtle...}) 47... gxh4 {Black is not obliged to capture on h4, but White is going to play g4 anyway, followed, if necessary by f4.} (47... Ke6 48. g4 gxh4 (48... hxg4 49. fxg4 {White moves the king to g3, then plays the Nh3 (for instance) forcing Black to capture on h4, so transposing to line 'B2'.}) (48... Kd6 49. Kg3 Ke6 50. f4 gxh4+ 51. Kxh4 hxg4 52. Kxg4 Be4 (52... Bf7 53. f5+ Ke7 54. Ng2 Be8 55. Nf4 Bc6 56. Ne6 Bb7 (56... Bd7 57. Nc7) 57. Kh5 Bc8 58. Nf4 Bxf5 59. Nxd5+ Kd6 60. Nxf6 Ke6 61. Kg5 Bb1 62. d5+ Ke5 $11) 53. f5+ Kf7 (53... Kd6 54. Kh5 Ke7 55. Kg6 Bf3 56. Nf1 {followed by Ng3-h5xf6 +-.}) 54. Nf1 Bc2 {I do not see how White gains access to the square c5 with the knight. The bishop blocks it out with accurate play.}) 49. Kh3 {transposes to the next variation 'B2'.}) {Although White no longer has the reply Ng2, there is...} 48. g4 $1 hxg4 49. fxg4 Ke6 50. Kh3 Be4 51. Kxh4 Bg6 52. Ng2 Be4 53. Nf4+ Kf7 54. g5 (54. Kh5 Bf3) 54... Bf3 $1 (54... Kg7 $2 55. Nh5+ Kg6 56. Nxf6 $18) (54... Ke7 $2 55. g6 $18) (54... f5 $2 $18) (54... fxg5+ $2 55. Kxg5 Ke7 56. Ng6+ Ke6 (56... Bxg6 57. Kxg6 Ke6 58. Kg5) 57. Ne5 {Followed by Nc6 and Nb8 xa6.}) 55. g6+ (55. Nd3 Kg6 56. gxf6 Kxf6 57. Kg3 Bd1 $2 (57... Be2 58. Nc5 Kf5 59. Kf2 (59. Nxa6 Ke4 $11) 59... Bh5 60. Ke3 Be8 61. Nxa6 Bd7 62. Nc5 (62. Nc7 Bc6 63. Kf3 Kg5) 62... Be8 {, and in spite of the extra pawn, I don't see how White can win. Black's king cannot be forced away from its strong position.}) 58. Kf4) (55. Nh5 fxg5+ 56. Kxg5 Bxh5 57. Kxh5 Kf6 58. Kg4 Kg6 $11) 55... Kg7 56. Kg3 Be4 57. Kg4 Bxg6 (57... Bh1 $2 58. Kf5 Be4+ 59. Ke6 Bf3 60. Nxd5 Bxd5+ 61. Kxd5 Kxg6 62. Ke6 f5 63. Ke5 Kg5 64. d5 $18) 58. Nxd5 Be4 59. Nc7 Kf7 $1 (59... Bb7 60. d5 Kf7 61. d6 Bc8+ 62. Kf4 Bb7 63. Kf5 Bc8+ 64. Ke4 Bb7+ 65. Kd4 Bc8 66. Kc5 f5 (66... Bd7 67. Nxa6 f5 68. Nb8 $18) 67. Kc6 f4 68. d7 Bxd7+ 69. Kxd7 f3 70. Nd5 $18) 60. Nxa6 Bd3 61. Nc5 Bf1 {and it seems to me that Black is able to draw this position.}) 47. Ng2 $1 {Creating an entry point for White's king - as we have already seen, the key to this ending.} hxg3+ 48. Kxg3 Ke6 49. Nf4+ Kf5 50. Nxh5 {Threatening Ng7-e8-c7, therefore the king must retreat.} Ke6 51. Nf4+ Kd6 52. Kg4 Bc2 53. Kh5 Bd1 54. Kg6 Ke7 55. Nxd5+ Ke6 (55... Kd6 {would have been better according to Geller in Informator, but obviously by this stage Black is on the edge.}) 56. Nc7+ Kd7 57. Nxa6 Bxf3 58. Kxf6 Kd6 59. Kf5 Kd5 60. Kf4 Bh1 61. Ke3 Kc4 62. Nc5 Bc6 63. Nd3 Bg2 64. Ne5+ Kc3 65. Ng6 Kc4 66. Ne7 Bb7 67. Nf5 Bg2 68. Nd6+ Kb3 69. Nxb5 Ka4 70. Nd6 {CONCLUSION  I went a bit over the top with the analysis of this ending; hope you didn't find it too boring. I will probably discover that this has all been investigated before and with greater accuracy, but anyway, these are my findings:-   Black ought to be able to draw with 46...Bg6, either by sitting tight with 47...Ke6 or simplifying with 47...gxh4. However, in both cases, great accuracy is required, and in a practical game I would say that the odds of White winning are greater than that of Black drawing. If a (youthful) 'Kasparov' can blunder, then so can anyone. One thing is clear, having the pawn on h5 makes life more difficult for Black than if it were on its starting square.} 1-0